Central Library OPAC University of Rajshahi

Microwave Techniques : (Record no. 68576)

MARC details
000 -LEADER
fixed length control field 00673nam a2200229 a 4500
001 - CONTROL NUMBER
control field 68576
003 - CONTROL NUMBER IDENTIFIER
rucl marc code BD-RjUL
005 - DATE AND TIME OF LATEST TRANSACTION
control field 20211209081804.0
008 - FIXED-LENGTH DATA ELEMENTS--GENERAL INFORMATION
fixed length control field 170403s20031998ii a|||| |||| 001 0 eng d
020 ## - INTERNATIONAL STANDARD BOOK NUMBER
International Standard Book Number 8122410766
035 ## - SYSTEM CONTROL NUMBER
System control number (BD-RjUL)68786
040 ## - CATALOGING SOURCE
Original cataloging agency BD-RjUL
Language of cataloging eng
Transcribing agency BD-RjUL
041 ## - LANGUAGE CODE
Language code of text/sound track or separate title eng
082 ## - DEWEY DECIMAL CLASSIFICATION NUMBER
Edition number 23
Classification number 621.384151
Author mark and year KUM 2003
100 ## - MAIN ENTRY--PERSONAL NAME
Personal name Kumar A.
9 (RLIN) 203262
245 ## - TITLE STATEMENT
Title Microwave Techniques :
Remainder of title Transmission Lines /
Statement of responsibility, etc. A. Kumar
260 ## - PUBLICATION, DISTRIBUTION, ETC. (IMPRINT)
Place of publication, distribution, etc. New Delhi ;
-- Kolkta :
Name of publisher, distributor, etc. New age international ltd,
Date of publication, distribution, etc. c1998 [Reprint 2003]
300 ## - PHYSICAL DESCRIPTION
Pagination xii, 264 p. :
Illustrations ill. ;
Size 24 cm.
500 ## - GENERAL NOTE
General note Includes Indexes
650 ## - SUBJECT ADDED ENTRY--TOPICAL TERM
Topical term or geographic name as entry element Shortwave Systems
9 (RLIN) 203263
942 ## - ADDED ENTRY ELEMENTS (KOHA)
Source of classification or shelving scheme Dewey Decimal Classification
Koha item type Books
Holdings
Lost status Source of classification or shelving scheme Damaged status Not for loan Collection code Permanent Location Current Location Shelving location Date acquired Source of acquisition Cost, normal purchase price Total Checkouts Full call number Date last seen Copy number Koha item type
  Dewey Decimal Classification   Not For Loan Non-fiction Central Library, University of Rajshahi Central Library, University of Rajshahi Reading Room 25/05/2008 Dhaka, Paragon Enterprises Ltd. 185.00   621.384151 KUM 2003 03/04/2017 C-1 Books